Les Michael célèbres par images - Statistiques

Statistiques générales
  • Ce quiz a été pris 199 fois
  • Le résultat moyen est 8 sur 20
Statistiques - réponses
Par images Réponse % Correct
Michael Jackson
99%
Michael Jordan
97%
Michaël Youn
90%
Michael Schumacher
79%
Michael Douglas
60%
Michael B.Jordan
50%
Michael Phelps
47%
Michael Jones
46%
Michael J.Fox
44%
Michael Owen
42%
Michaël Gregorio
40%
Michael Keaton
35%
Michael Caine
28%
Michael Collins
18%
Michael Landon
14%
Michael Johnson
11%
Michael Bay
7%
Michael Madsen
7%
Michael Bloomberg
1%
Michael Dunn
1%
Aucun quiz correspondant
Distribution des résultats
% des personnes avec chaque résultat
Percentile par nombre de réponses
Votre historique - résultats
Vous n’avez pas pris ce quiz